ՀՀ Գիտությունների ազգային ակադեմիայի հիմնարար գիտական գրադարան  =   Fundamental Scientific Library of NAS RA

Механизмы межвитаминных взаимоотношений : (Record no. 40381)

MARC details
000 -LEADER
fixed length control field 00892nam a2200217 a 4500
001 - CONTROL NUMBER
control field 000122769
003 - CONTROL NUMBER IDENTIFIER
control field AM-YEHGA
005 - DATE AND TIME OF LATEST TRANSACTION
control field 20250617122559.0
008 - FIXED-LENGTH DATA ELEMENTS--GENERAL INFORMATION
fixed length control field 990217s1973 bw ||||gr|||||||||||rus|d
040 ## - CATALOGING SOURCE
Original cataloging agency AM-YeHGA
041 0# - LANGUAGE CODE
Language code of text/sound track or separate title rus
090 ## - LOCALLY ASSIGNED LC-TYPE CALL NUMBER (OCLC); LOCAL CALL NUMBER (RLIN)
-- 41042
245 00 - TITLE STATEMENT
Title Механизмы межвитаминных взаимоотношений :
Remainder of title Тиамин, пиридоксин, пантотеновая и никотиновая кислоты /
Statement of responsibility, etc. Ю.М. Островский, А.Г. Мойсеенок и др.
260 ## - PUBLICATION, DISTRIBUTION, ETC.
Place of publication, distribution, etc. Минск :
Name of publisher, distributor, etc. Наука и техника,
Date of publication, distribution, etc. 1973.
300 ## - PHYSICAL DESCRIPTION
Extent 216 с.
440 #0 - SERIES STATEMENT/ADDED ENTRY--TITLE
Title Отдел регуляции обмена веществ АН БСС
650 14 - SUBJECT ADDED ENTRY--TOPICAL TERM
Topical term or geographic name entry element Витамины - Взаимодействие
700 1# - ADDED ENTRY--PERSONAL NAME
Personal name Островский, Ю.М.
700 1# - ADDED ENTRY--PERSONAL NAME
Personal name Мойсеенок, Андрей Георгиевич
942 ## - ADDED ENTRY ELEMENTS (KOHA)
Source of classification or shelving scheme Universal Decimal Classification
Koha item type Գրքեր / Books
Holdings
Withdrawn status Lost status Damaged status Not for loan Collection Home library Current library Date acquired Total checkouts Full call number Barcode Date last seen Price effective from Koha item type Public note
        General Fundamental Scientific Library Fundamental Scientific Library 21/12/2016   PII/308312 FL0202372 21/12/2016 21/12/2016 Գրքեր / Books 30 Days Loan
        General Fundamental Scientific Library Fundamental Scientific Library 21/12/2016   PII/308336 FL0194618 21/12/2016 21/12/2016 Գրքեր / Books 30 Days Loan


ՀՀ ԳԱԱ հիմնարար գիտական գրադարան
ՀՀ,Երևան 0019
Մարշալ Բաղրամյան 24/6
հեռախոս:(374-10) 52-47-50
Հետադարձ կապ

All site content, except where otherwise noted, is licensed under a
Creative Commons License